Daft Punk - Paroles de Something About Us - Statistiques

Statistiques générales
  • Ce quiz a été pris 147 fois
  • Le résultat moyen est 84 sur 97
Statistiques - réponses
Paroles % Correct
I
99%
I
99%
I
99%
I
99%
I
99%
I
99%
I
99%
Some
99%
us
99%
us
99%
us
99%
about
97%
about
97%
something
97%
something
97%
something
97%
the
96%
the
96%
the
96%
the
96%
be
94%
be
94%
be
94%
be
94%
It
94%
It
94%
one
94%
one
94%
right
93%
right
93%
right
93%
right
93%
time
92%
time
92%
to
92%
to
92%
you
92%
you
92%
you
92%
you
92%
you
92%
might
90%
might
90%
might
90%
might
90%
not
90%
not
90%
not
90%
not
90%
But
87%
But
87%
want
85%
want
85%
there's
84%
there's
84%
there's
84%
anyway
81%
between
81%
in
81%
in
81%
in
81%
in
81%
life
81%
life
81%
life
81%
life
81%
my
81%
my
81%
my
81%
my
81%
share
81%
say
80%
with
80%
than
79%
than
79%
than
79%
than
79%
love
78%
more
78%
more
78%
more
78%
more
78%
anything
77%
anything
77%
kind
77%
of
77%
secret
76%
will
76%
need
75%
anyone
74%
anyone
74%
'Cause
73%
do
69%
miss
69%
got
63%
I'll
59%
I've
53%
Aucun quiz correspondant
Distribution des résultats
% des personnes avec chaque résultat
Percentile par nombre de réponses
Votre historique - résultats
Vous n’avez pas pris ce quiz